000 00346nam a22001457a 4500
003 SGT
082 _a347.50954,KUM
100 _aKUMAR,NARENDRA
245 _aKEY TO CIVIL COURT PRACTICE AND PROCEDURE
250 _a2ND
260 _aNEW DELHI
_bUNIVERSAL BOOKS
_c2014
300 _a146
650 _aCIVIL PROCEDURE & COURTS
942 _2ddc
_cBK
_01
999 _c9755
_d9755